000 00703nam a22002177a 4500
010 _aA-482088
020 _a818539248
035 _aA-482088
037 _bCen Lib / Ret
040 _aDPL
_bEN
082 _a883.08
_bKET
100 _aKettle, Arnold
245 _aAn introduction to the English novel /
_cby Arnold Kettle
260 _aNew Delhi
_bUniversal Book Stall
_c1967
270 _a5 Ansari Road
_bNew Delhi
_e110002
300 _a2 v. ; (v 1. 177p ; v 2.192p)
_b24cm(Hb)
505 _av. 1. To George Eliot ; v 2. Henry James to the present day
650 _aEnglish fiction -- History and criticism.
650 _aEnglish fiction.
942 _2ddc
_cEN
_h883.08
_mKET
999 _c136527
_d136527